人口比所有接壤地级行政区更多的地级行政区 - Statistics

General Stats
  • This quiz has been taken 43 times
    42 since last reset
  • The average score is 38 of 48
Answer Stats
接壤地级行政区个数 地级行政区 % Correct
6 广州市
100%
6 南京市
100%
3 西宁市
100%
5 成都市
96%
3 大连市
96%
10 哈尔滨市
96%
7 合肥市
96%
4 拉萨市
96%
5 兰州市
96%
7 南宁市
96%
2 深圳市
96%
4 乌鲁木齐市
96%
6 武汉市
96%
7 杭州市
93%
6 昆明市
93%
9 沈阳市
93%
5 苏州市
93%
7 长沙市
93%
5 济南市
89%
4 太原市
89%
6 西安市
89%
5 呼和浩特市
85%
8 临沂市
85%
3 青岛市
85%
3 温州市
85%
3 喀什地区
81%
6 郑州市
81%
9 南阳市
78%
6 泉州市
78%
8 赣州市
74%
2 唐山市
74%
4 银川市
74%
4 湛江市
74%
7 保定市
67%
4 赤峰市
67%
4 宁波市
67%
6 大理白族自治州
63%
6 邯郸市
63%
4 揭阳市
63%
6 榆林市
63%
6 南充市
56%
7 毕节市
48%
6 齐齐哈尔市
48%
5 伊犁哈萨克自治州
48%
7 周口市
48%
6 衡阳市
41%
6 常德市
37%
9 上饶市
33%
No matching quizzes found
Score Distribution
Percent of People with Each Score
Percentile by Number Answered
Your Score History
You have not taken this quiz since the last reset